| Tag |
First Indicator |
Second Indicator |
Subfields |
| LEADER |
00000cam a2200000 a 4500 |
| 001 |
in00000538921 |
| 005 |
20151013175851.0 |
| 008 |
830923s1983 waua 00010aeng |
| 010 |
|
|
|a 83072949
|
| 020 |
|
|
|a 0943404037 (pbk.) :
|c $8.95
|
| 035 |
|
|
|a (OCoLC)10559151
|
| 035 |
|
|
|9 ACH6377AM
|
| 039 |
0 |
|
|a 2
|b 3
|c 3
|d 3
|e 3
|
| 040 |
|
|
|a DLC
|c DLC
|d TXA
|d UtOrBLW
|
| 043 |
|
|
|a n-us---
|
| 049 |
|
|
|a TXAM
|
| 050 |
0 |
0 |
|a E99.C6
|b S92 1983
|
| 082 |
0 |
|
|a 970.004/97
|2 19
|
| 100 |
0 |
|
|a Sun Bear,
|d 1929-
|
| 245 |
1 |
0 |
|a Sun Bear, the path of power :
|b as told to Wabun and to Barry Weinstock.
|
| 264 |
|
1 |
|a Spokane, Wash. :
|b Bear Tribe Pub.,
|c [1983]
|
| 264 |
|
4 |
|c ©1983
|
| 300 |
|
|
|a 267 pages :
|b illustrations ;
|c 22 cm.
|
| 336 |
|
|
|a text
|b txt
|2 rdacontent
|
| 337 |
|
|
|a unmediated
|b n
|2 rdamedia
|
| 338 |
|
|
|a volume
|b nc
|2 rdacarrier
|
| 600 |
0 |
0 |
|a Sun Bear,
|d 1929-
|
| 650 |
|
0 |
|a Ojibwa Indians
|v Biography.
|
| 650 |
|
0 |
|a Indians of North America
|x Religion.
|
| 650 |
|
0 |
|a Ojibwa Indians
|x Religion.
|
| 700 |
0 |
|
|a Wabun Wind.
|
| 700 |
1 |
|
|a Weinstock, Edward B.
|
| 999 |
|
|
|a MARS
|
| 999 |
f |
f |
|s 60db34f3-5ab4-343a-b335-8edd7b011ed5
|i ae5d92b8-e0a9-3ba1-b051-ff50cf127e2b
|t 0
|
| 952 |
f |
f |
|p ric
|a Texas A&M University
|b Rellis Campus
|c Joint Library Facility
|d Remote Storage
|t 0
|e E99.C6 S92 1983
|h Library of Congress classification
|i unmediated -- volume
|m A14808856525
|
| 998 |
f |
f |
|a E99.C6 S92 1983
|t 0
|l Remote Storage
|